000 01102nmc a2200361 a 4500
003 AR-BaBNM
005 20251128205413.0
008 067119s1991 ||||||||||||||000 | spa||
020 _a84-7774-101-8
040 _cAR-BaBNM
100 1 _aClaxton, Guy
245 1 0 _aEducar mentes curiosas
_bel reto de la ciencia en la escuela
260 _aMadrid
_bVisor
_c1991
300 0 _a185 p.
_bdiagr.
490 0 _aAprendizaje
_vv. 101
500 0 _aIndice temático: p. 181-185
504 _aContiene bibliografía en notas a pie de página
650 4 _aCIENCIA
650 4 _aPROGRAMAS DE CIENCIAS
650 4 _aMETODOS DE LABORATORIO
650 4 _aHISTORIA DE LAS CIENCIAS
650 4 _aFORMACION CIENTIFICA
650 4 _aINVESTIGACION CIENTIFICA
650 4 _aCONCEPTOS CIENTIFICOS
650 4 _aENSENANZA DE LA CIENCIA
650 4 _aEXPERIMENTOS DE LABORATORIO
653 0 _aPROCESO DE ENSENANZA-APRENDIZAJE
700 1 _aSánchez Barberán, Genís
_etraductor
800 1 _aAlvárez, Amelia
_edirector
800 1 _aDel Río, Pablo
_edirector
942 _cBK
998 _csilvi
999 _c11297
_d11297